000 00397nam a22001697a 4500
005 20180226170104.0
008 160523b xxu||||| |||| 00| 0 eng d
020 _a817188440-7
041 _aeng
082 _b4071
_a330.954
100 _aKapila, Uma
_94167
245 _aIndian Economy
260 _aNew Delhi
_bAcademic Faundation
300 _a499
650 _aManagement
_9241
942 _cBK
999 _c1370
_d1370